Geography: Initials AL-ZL Quiz Stats

 Plays Quiz not verified by Sporcle

Score 0/26 Timer 10:00
0 Plays Today
Hint Answer % Correct
N/A-
100%
N/A-
100%
N/A-
100%
N/A-
100%
City: World capital where you'd find the Petronas Towers.Kuala Lumpur
66.8%
City: Part of UK capital that comprises the boroughs- Tower Hamlets, Newham, Waltham Forest, Barking and Dagenham, Redbridge, Havering, and most of Hackney.East London
56.7%
City: 2nd largest city in the Miami metropolitan area.Fort Lauderdale
56.7%
City, Country: World capital lying on a gulf on the same name... a bay of the Baltic Sea.Riga, Latvia
54.9%
Country: The colors of the quiz turned clockwise represent this country's flag.Sierra Leone
53.8%
City, Country: Three world capitals and their countries fit these initials, name one.Vientiane, Laos/Vaduz, Liechtenstein/Vilnius, Lithuania
52.2%
City, Country: Most populated double-talk European capital.Luxembourg, Luxembourg
49.1%
City, Country: The 5th largest seaport and 3rd largest world capital on the Mediterannean Sea.Beirut, Lebanon
47.8%
Formation: Half-mile deep lake in south-central Oregon.Crater Lake
47.8%
Hint Answer % Correct
City, Country: Town of 27,000 on the Baltic. It was named for the presence of eels in the river, not because Shrek ever resided there.Ogre, Latvia
36.1%
City, Country: World capital lying on the South African border.Maseru, Lesotho
35.6%
City, Country: World capital where you'd find the 5 El Emad Towers.Tripoli, Libya
35.4%
City: World capital located 650 miles east of world capital Antananarivo.Port Louis
34.3%
City: City named for the 10th largest city in Texas and located on the Mexican side of the Rio Grande from the city. (In spanish)Nuevo Laredo
27.2%
Formation: About 4,500 square km., and saline, it's the largest lake in China.Qinghai Lake
10%
City, State: Town southwest of New Orleans, and setting for the Swamp Thing comic books.Houma, Louisiana
9.8%
City, Country: Mountain tourist destination called the 'Lebanese City of Fog'Aley, Lebanon
7.4%
City, Country: African seaport that is approx. 200 miles west of the Egyptian border.Derna, Libya
5.8%
City, Country: City 10 miles north of 'BL' where 'Our Lady of Lebanon' overlooks.Jounieh, Lebanon
5.3%
Formation: 203 square mile reservoir in Northern California, and tributary of the Sacramento River.Whiskeytown Lake
4.5%
City, Country: Town 200 miles northeast of Monrovia, on the border with Guinea.Ganta, Liberia
4.2%
City, Country: Africa city of 200,000 about 50 miles east of the Tunisia border.Zawiyah, Libya
3.4%

You're not logged in!

Compare scores with friends on all Sporcle quizzes.
OR
Log In

Sporcle TV

Today on Sporcle TV


Watch our educational content, quiz creation guides, and fun videos on Sporcle TV.

Show Comments

Extras

Top Quizzes Today


Score Distribution

Your Account Isn't Verified!

In order to create a playlist on Sporcle, you need to verify the email address you used during registration. Go to your Sporcle Settings to finish the process.

Report this User

Report this user for behavior that violates our Community Guidelines.

Details: